Observatorio de medios del caribe colombiano

Detalles Bibliográficos
Autor principal: Coronel Noguera, Humberto Još
Formato: eBook
Lenguaje:español
Publicado: Bogot:̀ Universidad Sergio Arboleda, 2016
Materias:
Acceso en línea:Acceso restringido

MARC

LEADER 00000nam a22000007a 4500
005 20171221174828.0
007 cr|||| ||||
008 171221s2016 ck |||||s|||| 00||0 spa d
020 |a 978-958-8866-61-1 
035 |a 20951 
040 |a vLex 
090 |c 7339  |d 7339 
100 1 |a Coronel Noguera, Humberto Još 
245 1 0 |a Observatorio de medios del caribe colombiano  |h [Recurso electrn̤ico] /  |c Humberto Jos ̌Coronel Noguera 
256 |a Servicio en ln̕ea 
260 |a Bogot:̀  |b Universidad Sergio Arboleda,  |c 2016 
300 |a 1 recurso electrn̤ico 
506 1 |a Disponible solo en los productos indicados  |d vLex Global  |d vLex Global (Academic Edition, excluding Law Schools)  |d vLex Global (U.S. Academic Edition, Law Schools)  |d vLex Global (U.S. Academic Edition, excluding Law Schools)  |d vLex Global (Academic Edition, Law Schools) 
650 0 4 |a Ciencias sociales  |z Colombia 
740 0 |a vLex Libros (Servicio en ln̕ea) 
856 4 0 |u http://vlex.com/source/observatorio-medios-caribe-colombiano-20951  |z Acceso restringido 
942 |c BOOK 
999 0 |a Social science